NFL Teams with most Conference Championship Appearances - Statistics

General Stats
  • This quiz has been taken 110 times
    62 since last reset
  • The average score is 14 of 16
Answer Stats
# of games NFL Team % Correct
15 Green Bay Packers
100%
17 New England Patriots
100%
16 Pittsburgh Steelers
98%
10 Buffalo Bills
96%
16 Dallas Cowboys
96%
19 San Francisco 49ers
93%
8 New York Giants
91%
11 Dallas Texans/Kansas City Chiefs
89%
14 Oakland/Los Angeles Raiders
87%
10 Philadelphia Eagles
87%
9 Indianapolis/Baltimore Colts
85%
12 Los Angeles/St. Louis Rams
85%
11 Denver Broncos
82%
10 Minnesota Vikings
78%
9 Los Angeles/San Diego Chargers
75%
9 Houston Oilers/Tennessee Titans
67%
No matching quizzes found
Score Distribution
Percent of People with Each Score
Percentile by Number Answered
Your Score History
You have not taken this quiz since the last reset